| 000 | 01245nam a22003617a 4500 | ||
|---|---|---|---|
| 003 | CHAP | ||
| 005 | 20220329140159.0 | ||
| 008 | 971013s1994 r 00010 d | ||
| 010 | _a48169 | ||
| 011 | _a49141 | ||
| 035 | _a53289 | ||
| 040 | _cCHAP | ||
| 090 | _aTesis | ||
| 100 | 0 | 0 |
_aMiranda Velázquez, Arturo. _976116 |
| 245 | _aEvaluación de fenpropathrin 375 C.E. para el control de mosca blanca Bemisia tabaci Genn. en nochebuena | ||
| 260 |
_aCuernavaca, Mor. : _bEl autor, _c1994 |
||
| 300 | _a45 h. | ||
| 502 | _aTesis (Biólogo) -- Universidad Autónoma del Estado de Morelos. Fac. de Ciencias Biológicas | ||
| 590 |
_aALEPH _b10 _c20130110 _lUCH01 _h1319 |
||
| 590 |
_aBATCH-UPD _b10 _c20130110 _lUCH01 _h0922 |
||
| 590 |
_aBATCH-UPD _b10 _c20130410 _lUCH01 _h0544 |
||
| 590 |
_aBATCH-UPD _b10 _c20130914 _lUCH01 _h0600 |
||
| 590 |
_aCONVERSION _b10 _c20130109 _lUCH01 _h1326 |
||
| 650 | 1 | 4 |
_aBemisia tabaci. _911496 |
| 650 | 1 | 4 |
_aControl de plagas. _927595 |
| 650 | 1 | 4 |
_aCultivos en invernadero. _930376 |
| 650 | 1 | 4 |
_aFlor de nochebuena _xPlagas. _941310 |
| 650 | 1 | 4 |
_aInsecticidas. _958855 |
| 650 | 1 | 4 |
_aManejo integrado de plagas. _970365 |
| 901 | _aBK | ||
| 942 | _cTESIS | ||
| 949 |
_bBC _cTES _d-118267 _eTS1 _h28221 _i53289 _si |
||
| 999 |
_c48169 _d48169 |
||